| 000 | 01234aam a2200337 i 4500 | ||
|---|---|---|---|
| 999 |
_c45689 _d45689 |
||
| 001 | 768714001 | ||
| 003 | CO-MdBIC | ||
| 005 | 20201016114622.0 | ||
| 007 | ta | ||
| 008 | 200511t1963 enk |||| |||| 00| 0 eng d | ||
| 020 | _a[No incluye ISBN] | ||
| 040 |
_bspa. _aCO-MdFUSB _cCO-MdFUSB _dCO-MdFUSBC _erda |
||
| 041 | _aeng | ||
| 082 |
_223 _a227.8307 _bB274 |
||
| 100 | 1 |
_aBarrett, C. K. _eautor |
|
| 245 | 1 | 4 |
_aThe pastoral epistles in the new english Bible : _bwith introduction and commentary _c/ C. K. Barrett |
| 264 | 1 |
_aOxford, Inglaterra : _bThe Clarendon Press, _c[1963] |
|
| 264 | 4 | _c© 1963 | |
| 300 |
_a151 páginas _c; 20 cm |
||
| 336 |
_atexto _btxt _2rdacontent |
||
| 337 |
_2rdamedia _asin mediación _bn |
||
| 338 |
_2rdacarrier _avolumen _bnc |
||
| 505 | _aLas epístolas pastorales en el canon del Nuevo Testamento - Paternidad literaria - El ajuste - Teología y práctica - Literatura - Análisis - Texto y comentario sobre 1 y 2 Timoteo y Tito | ||
| 563 | _aPasta dura | ||
| 630 | 7 |
_aBiblia. _pTimoteo, 1ª _xCrítica, interpretación, etc. |
|
| 630 | 0 | 7 |
_aBiblia. _pTimoteo, 2ª |
| 650 | 7 |
_9404 _aBiblia _xCrítica, interpretación, etc. |
|
| 942 | _cBK | ||
| 945 | _aJTF-925 | ||